| 000 | 00653nas a22001937a 4500 | ||
|---|---|---|---|
| 001 | K121141 | ||
| 007 | ta | ||
| 008 | 191021b2019 ||||| |||| 00| 0 eng d | ||
| 041 | _aeng | ||
| 100 | _aParton, Helen | ||
| 245 | _aAll together now | ||
| 260 | _c2019 | ||
| 490 |
_aModus _vJune 2019, 18-21(4) |
||
| 520 | _aExamines the trend for coworking space which has swept the office market in recent years and looks at what traditional developers can offer that the new breed of flexible work space operators can't. | ||
| 650 | _aCOWORKING | ||
| 650 | _aFLEXIBLE WORKING SPACE | ||
| 651 | _aUnited Kingdom 1973 | ||
| 690 |
_96227 _aCommercial property |
||
| 999 |
_c121141 _d121141 |
||